Movies Quiz

Random Movies or Actress Quiz

Hollywood Hangman Quiz Stats

Quiz Updated Mar 15, 2012

Also try: Movie Hangman
Challenge
Share
Tweet
Embed
Score 0/40 Timer 16:00
0 Plays Today
Heading Answer % Correct
Actress 4 - Shown: D, E, L, M, N, RCinderella Man
80.2%
Actor 5 - Shown: A, G, H, K, N, RShanghai Noon
78.8%
Actor 5 - Shown: A, G, H, K, N, RJackie Chan
70.3%
Actor 5 - Shown: A, G, H, K, N, RRush Hour
69.3%
Actor 5 - Shown: A, G, H, K, N, RThe Karate Kid
66.3%
Actor 1 - Shown: B, D, I, R, S, TDriving Miss Daisy
66%
Actor 1 - Shown: B, D, I, R, S, TGhostbusters
53.7%
Actress 4 - Shown: D, E, L, M, N, RCold Mountain
52.3%
Actress 8 - Shown: A, D, N , R, S, VFinding Neverland
52.1%
Actor 1 - Shown: B, D, I, R, S, TThe Blues Brothers
50.3%
Actress 6 - Shown: A, D, H, L, N, SX-Men: The Last Stand
49.1%
Actor 7 - Shown: C, I, N, T, V, XKeanu Reeves
47.9%
Actor 3 - Shown: I, L, N, R, S, TThe Sixth Sense
46.8%
Actor 7 - Shown: C, I, N, T, V, XBill & Ted's Excellent Adventure
45%
Actor 3 - Shown: I, L, N, R, S, TBruce Willis
44.9%
Actress 6 - Shown: A, D, H, L, N, SDie Another Day
44.8%
Actor 7 - Shown: C, I, N, T, V, XThe Matrix Revolutions
44.8%
Actress 6 - Shown: A, D, H, L, N, SHalle Berry
44.7%
Actress 8 - Shown: A, D, N , R, S, VRevolutionary Road
44.7%
Actor 1 - Shown: B, D, I, R, S, TTrading Places
40.6%
Heading Answer % Correct
Actress 4 - Shown: D, E, L, M, N, RJerry Maguire
40.5%
Actress 4 - Shown: D, E, L, M, N, RRenée Zellweger
40.3%
Actor 7 - Shown: C, I, N, T, V, XConstantine
40.2%
Actress 6 - Shown: A, D, H, L, N, SMonster's Ball
39.5%
Actress 8 - Shown: A, D, N , R, S, VKate Winslet
39.3%
Actor 1 - Shown: B, D, I, R, S, TDan Aykroyd
39%
Actress 4 - Shown: D, E, L, M, N, RBridget Jones's Diary
35.9%
Actor 3 - Shown: I, L, N, R, S, TLive Free or Die Hard
31.6%
Actress 6 - Shown: A, D, H, L, N, SSwordfish
29.6%
Actress 8 - Shown: A, D, N , R, S, VEternal Sunshine of the Spotless Mind
27%
Actor 7 - Shown: C, I, N, T, V, XThe Devil's Advocate
25.1%
Actor 5 - Shown: A, G, H, K, N, RKung Fu Panda
24.6%
Actress 2 - Shown: B, D, E, N, S, TDangerous Minds
24%
Actress 2 - Shown: B, D, E, N, S, TWhat Lies Beneath
24%
Actress 2 - Shown: B, D, E, N, S, TMichelle Pfeiffer
23.7%
Actress 2 - Shown: B, D, E, N, S, TBatman Returns
22.8%
Actor 3 - Shown: I, L, N, R, S, TPulp Fiction
20.5%
Actress 2 - Shown: B, D, E, N, S, TThe Fabulous Baker Boys
15%
Actor 3 - Shown: I, L, N, R, S, TTwelve Monkeys
9.4%
Actress 8 - Shown: A, D, N , R, S, VHeavenly Creatures
8.7%

You're not logged in!

Compare scores with friends on all Sporcle quizzes.
Sign Up with Email
OR
Log In

You Might Also Like...

Show Comments

Extras

Top Quizzes Today


Score Distribution

Your Account Isn't Verified!

In order to create a playlist on Sporcle, you need to verify the email address you used during registration. Go to your Sporcle Settings to finish the process.